[Event "Loire-ch Top20 1415"]
[Site "Loire"]
[Date "2015.03.28"]
[Round "6"]
[White "Frey, Thierry"]
[Black "Buisine, Roman"]
[Result "1-0"]
[WhiteElo "1845"]
[BlackElo "1685"]
[PlyCount "105"]
[EventDate "2014.10.04"]
[EventType "swiss"]
[EventRounds "7"]
[EventCountry "FRA"]
[SourceTitle "EXT 2016"]
[Source "ChessBase"]
[SourceDate "2015.10.08"]
[SourceVersion "1"]
[SourceVersionDate "2015.10.08"]
[SourceQuality "1"]

1. Nf3 d5 2. g3 c5 3. Bg2 Nc6 4. 0-0 e5 5. d3 Bd6 6. e4 dxe4 7. dxe4 Nf6 8. c3 0-0 9. Nbd2 Qc7 10. Qc2 b5 11. a4 b4 12. Rd1 a5 13. Nc4 Be7 14. Bg5 Ba6 15. Ne3 Qb7 16. Bxf6 Bxf6 17. Rd5 Qb6 18. Rad1 Rad8 19. Rxd8 Bxd8 20. Nd5 Qa7 21. Bh3 bxc3 22. bxc3 Bc4 23. Bd7 Nb8 24. Nxe5 Nxd7 25. Nxd7 Re8 26. Ne3 Be6 27. Ne5 Bf6 28. N5c4 g6 29. Nd6 Rb8 30. Nb5 Qe7 31. Nd5 Bxd5 32. exd5 Rd8 33. c4 Be5 34. Re1 Qf6 35. Kg2 Bd4 36. Nxd4 Qxd4 37. Rd1 Qe5 38. Qd3 Kf8 39. d6 Rd7 40. Qd5 Qe2 41. Qxc5 Ke8 42. Qe3+ Qxe3 43. fxe3 Rb7 44. c5 Rb2+ 45. Kf3 Rc2 46. Rd5 Rc4 47. Ke2 Rxa4 48. Rd4 Ra3 49. Kd2 Rb3 50. c6 Rb8 51. Re4+ Kf8 52. c7 Ra8 53. d7 1-0